Kreis Viersen | Städte und Gemeinden - Statistiken

Allgemein
  • Dieses Quiz wurde 89 mal gespielt
  • Das Durchschnittsergebnis liegt bei 6 aus 9
Antworten auf der Karte
Die Antworten werden auf der Karte rot bzw. grün angezeigt, abhängig davon wie oft sie richtig erraten wurden.
 
Antwortstatistiken
300.882 Kreis Viersen % Korrekt
78.208 Viersen
85%
34.841 Kempen
72%
43.095 Nettetal
65%
14.880 Grefrath
61%
19.143 Schwalmtal
61%
29.319 Tönisvorst
59%
15.170 Niederkrüchten
57%
50.144 Willich
57%
16.082 Brüggen
54%
Keine übereinstimmenden Quizze gefunden
Verteilung der Resultate
Anzahl Personen mit jedem Resultat
Perzentil nach korrekt beantworteten Fragen
Ihre Resultats-Entwicklung
Sie haben dieses Quiz noch nicht gespielt